MDQL
is popping MORE tags! Check the
thread
!
Quizzes
Events
Quiz Creation
Community
Videos
Private Events
Remove Ads
Sign In
Join for FREE
Feedback
Dark Mode
Quiz Categories
Sports
Geography
Music
Movies
Television
Just For Fun
Miscellaneous
History
Literature
Language
Science
Gaming
Entertainment
Religion
Holiday
For Kids
Quiz Lab
Recent
Popular Today
Quiz Kudos Today
Editor Picks
Curator Picks
Quizzes by...
Day
Popularity
Type
Ratings
Length
Year
Community
Subscriptions
Recent Discussions
Orange Saloon
Badges
Playlists
Quests
Create
Leaderboards
Showdown
Live 5
Trivia Bingo
Activity
Puzzle Library
Sporcle Events
Private Events
Virtual Trivia
Globe League
Become a Host
Pub Owners
SporcleCon
Opinionation
Our Games
Videos
Blog
Mobile Apps
Partnerships
Remove Ads and Go Orange
Feedback
Miscellaneous
Crossword
General Knowledge
Baby Names
Logo
Food
Cars
Numbers
Grab Bag
University
College
Popular
Company
Slogans
Restaurants
Justice
Letter
Miscellaneous
Crossword
General Knowledge
Baby Names
Logo
Food
Cars
Numbers
Grab Bag
University
College
Popular
Company
Slogans
Restaurants
Justice
Letter
Random Quiz
Search Sporcle
×
Quiz Lab
Quiz Lab
Miscellaneous
place
Type answers based on single images at one time
Type answers based on single images at one time
Slideshow
Best Score? Go Orange.
1989 A-Z Trivia by Photo & Clue Stats
1989 A-Z Trivia..name the Person, Place, or Thing based on the Photo and Clue
By
TriviaGuy3
10m
27 Questions
93 Plays
93 Plays
93 Plays
Comments
Comments
Give Quiz Kudos
Give Quiz Kudos
-
- Ratings
hide this ad
More Info
Replay
Link that replays current quiz
Next Quiz
Link to next quiz in quiz playlist
You Got
0%
They Got
Avg Score
57%
Avg Friend Score
Upgrade to see
Score Distribution
Jump to the score distribution portion of the page
Score
0/27
Timer
10:00
0
Plays Today
% Correct
Berlin Wall
89.2%
Honey I Shrunk The Kids
84.9%
George Herbert Walker Bush
83.9%
49ers
76.3%
Rain Man
75.3%
Dynasty
73.1%
Seinfeld
73.1%
Exxon Valdez
69.9%
Volkswagen
69.9%
Wayne Gretzky
68.8%
Ayatollah Khomeini
66.7%
Kareem Abdul Jabbar
66.7%
New Kids On The Block
65.6%
Quantum Leap
63.4%
% Correct
Oakland Athletics
63.4%
Pete Rose
61.3%
Ted Bundy
60.2%
Milli Vanilli
59.1%
Ivan Lendl
57%
Yanni
53.8%
Lucille Ball
51.6%
Jim Bakker
50.5%
Zeus
21.5%
Curtis Strange
16.1%
XYZ
11.8%
Ufa Train Disaster
9.7%
Francesco Damiani
6.5%
Quiz Playlist
Details
Report
Send in Message
Add To Playlist
More Info:
How well do you remember 1989...Well take this quiz and find out...You might just learn something...I know I did, creating it :) Have Fun & Good Luck
Slideshow:
Type answers based on single images at one time
Last Updated: Jun 15, 2017
Quiz Scoreboard
CHALLENGE
Sign Up to Join the Scoreboard
Show All
Scores
Hide
Comments
May contain spoilers
Recently Published
Colored Red Africa Blitz
by spor1
Geography
30s
Find the 'City' Movie
by crazypaving
Movies
60s
5x2 Blitz: Bands
by SL_Kpop136
Music
30s
More to Explore
Quiz From the Vault
Featured Blog Post
14 Easter Pick-up Lines to Find Eggs With
hide this ad
You Might Also Like...
Tags
1989
A-Z
Person
place
Trivia
Today's Top Quizzes in Miscellaneous
Browse Miscellaneous
hide this ad
Today's Top Quizzes in place
Browse place
Top Contributed Quizzes in Miscellaneous
1
5-to-1: Fast Food
2
9x9 Crossword: Disney Movie Titles
3
9x9 Crossword: Charlie and the Chocolate Factory
4
The JOE quick-fire general knowledge quiz: Day 174
5
9x9 Crossword: Nickelodeon
6
9x9 Crossword: Flags
7
9x9 Crossword: Pixar Movie Titles
8
9x9 Crossword: 2022 Movies
9
9x9 Crossword: Halloween
10
9x9 Crossword: Actors
Explore More
Trending Topics
Harry Potter
Anime
Crossword
Marvel
Disney
Kpop
NBA
NFL
WWE
Song
Pokémon
Soccer
Puzzle
Country
The Office
hide this ad
More By:
TriviaGuy3
Quiz
Plays
Rating
Category
Featured
Created
Shows by TV Guide's 50 Greatest Characters
28,272
4.34
Television
Feb 13, 2016
Pop Culture Movie Trivia 1 Multiple Choice 20 Questions
11,271
4.82
Movies
Feb 19, 2018
Pop Culture TV Trivia #2 Multiple Choice 20 Questions
5,033
4.86
Television
Feb 18, 2018
Sports General Knowledge (NFL Superbowl QB's)
4,797
4.42
Sports
Aug 30, 2018
General Knowledge Trivia 10 Questions 2 Minutes
4,074
4.43
Just For Fun
Feb 17, 2022
Go to Creator's Profile
Score Distribution
Quiz Creator Spotlight
TriviaGuy3
Follow
Send a Message
Quizzes Created
-
Created Quiz Play Count
-
More By This Creator
Popular Quizzes Today
1
Find the 'City' Movie
2
5x2 Blitz: Bands
3
Colored Red Africa Blitz
4
Find the US States - No Outlines Minefield
5
The Countries of the World
6
Find the US States
7
9x9 Crossword: Cartoon Network
8
US States
More Miscellaneous Quizzes
Ivy League Locations
Published
Trending Quizzes
Colored Red Europe Blitz I
Colored Red Africa Blitz II
Colored Red Europe Blitz III
Colored Red Europe Blitz II
Colored Red Africa Blitz III
Recently Updated
Champions League XIs: Real Madrid
pecheneg
Largest US Cities 1790-2010
pecheneg
Rides in Walt Disney World
pecheneg
Most Oscar Losses (Acting)
pecheneg
Beyoncé Albums
pecheneg
Leaping Animals
pecheneg
Reality TV Shows (A-Z)
bhenderson79
Rickey Henderson's Hall of Fame Teammates
pecheneg
Champions League XIs: Arsenal
pecheneg
Quick Pick: Celebrities in WWE's Hall of Fame
aduchscher
Trending Topics
Marvel
Anime
Crossword
Kpop
Disney
NBA
Harry Potter
Country
NFL
WWE
Song
The Office
Puzzle
Soccer
Pokémon
Your Account Isn't Verified!
In order to create a playlist on Sporcle, you need to verify the email address you used during registration. Go to your
Sporcle Settings
to finish the process.
Report this User
Report this user for behavior that violates our
Community Guidelines
.
Details:
Send Report
Go to the Sporcle.com Mobile Site →
Comments